Central Library OPAC University of Rajshahi

Communication for group transformation in development / (Record no. 33865)

MARC details
000 -LEADER
fixed length control field 01416nam a2200361 i 4500
001 - CONTROL NUMBER
control field 33865
003 - CONTROL NUMBER IDENTIFIER
rucl marc code BD-RjUL
005 - DATE AND TIME OF LATEST TRANSACTION
control field 20211209052054.0
008 - FIXED-LENGTH DATA ELEMENTS--GENERAL INFORMATION
fixed length control field 140511s1976 hiu b 101 0 eng
035 ## - SYSTEM CONTROL NUMBER
System control number (BD-RjUL)33957
040 ## - CATALOGING SOURCE
Original cataloging agency DLC
Transcribing agency DLC
Modifying agency DLC
-- BD-RjUL
Language of cataloging eng
041 ## - LANGUAGE CODE
Language code of text/sound track or separate title eng
082 00 - DEWEY DECIMAL CLASSIFICATION NUMBER
Classification number 309.263
Author mark and year COM 1976
245 00 - TITLE STATEMENT
Title Communication for group transformation in development /
Statement of responsibility, etc. edited by Godwin Chu, Syed A. Rahim, D. Lawrence Kincaid.
260 ## - PUBLICATION, DISTRIBUTION, ETC. (IMPRINT)
Place of publication, distribution, etc. Honolulu :
Name of publisher, distributor, etc. East-West Center, East-West Communication Institute,
Date of publication, distribution, etc. c1976.
300 ## - PHYSICAL DESCRIPTION
Pagination xiv, 424 p. ;
Size 23 cm.
490 1# - SERIES STATEMENT
Series statement Communication monographs ; 2
500 ## - GENERAL NOTE
General note Based on papers presented at the 1975 advanced summer seminar, East-West Communication Institute.
504 ## - BIBLIOGRAPHY, ETC. NOTE
Bibliography, etc Includes bibliographical references.
650 #0 - SUBJECT ADDED ENTRY--TOPICAL TERM
Topical term or geographic name as entry element Social change
General subdivision Congresses.
9 (RLIN) 102860
Topical term or geographic name as entry element Communication
Geographic subdivision Developing countries
General subdivision Congresses.
9 (RLIN) 102861
Topical term or geographic name as entry element Group decision-making
General subdivision Congresses.
9 (RLIN) 102862
Topical term or geographic name as entry element Communication in rural development
General subdivision Congresses.
9 (RLIN) 102863
700 1# - ADDED ENTRY--PERSONAL NAME
Personal name Chu, Godwin C.,
Dates associated with a name 1927-
Personal name Rahim, Syed A.
Fuller form of name (Syed Ataur),
Dates associated with a name 1930-
Personal name Kincaid, D. Lawrence,
Dates associated with a name 1945-
710 2# - ADDED ENTRY--CORPORATE NAME
Corporate name or jurisdiction name as entry element East-West Communication Institute.
9 (RLIN) 21854
830 #0 - SERIES ADDED ENTRY--UNIFORM TITLE
Volume number/sequential designation 2.
830 #0 - SERIES ADDED ENTRY--UNIFORM TITLE
Uniform title Communication monographs (Honolulu) ;
942 ## - ADDED ENTRY ELEMENTS (KOHA)
Source of classification or shelving scheme Dewey Decimal Classification
Koha item type Books
Holdings
Lost status Source of classification or shelving scheme Damaged status Not for loan Collection code Permanent Location Current Location Shelving location Date acquired Source of acquisition Cost, normal purchase price Total Checkouts Full call number Date last seen Copy number Koha item type
  Dewey Decimal Classification   Not For Loan Non-fiction Central Library, University of Rajshahi Central Library, University of Rajshahi Reading Room 13/03/1978 east West Communication Institution 0.00   309.263 COM 1976 11/05/2014 C-1 Books